Welcome to the Holygrace Academy Library

Please use search bar below to get started

DORK DIARIES (Record no. 6004)

MARC details
000 -LEADER
fixed length control field 00656nam a22001457a 4500
020 ## - INTERNATIONAL STANDARD BOOK NUMBER
ISBN 978-0-85707-119-4
082 ## - DEWEY DECIMAL CLASSIFICATION NUMBER
Classification number 823
Item number RUS/D
100 ## - MAIN ENTRY--AUTHOR NAME
Personal name RUSSEL, RACHEL RENEE
245 ## - TITLE STATEMENT
Title DORK DIARIES
Remainder of title SKATING SENSATION
260 ## - PUBLICATION, DISTRIBUTION, ETC. (IMPRINT)
Place of publication UNITED KINGDOM
Name of publisher SIMON & SCHUSTER
Year of publication 2012
300 ## - PHYSICAL DESCRIPTION
Number of Pages 347
520 ## - SUMMARY, ETC.
Summary, etc Nikki Maxwell isn't at all surprised to find out that her crush Brandon volunteers at a local animal shelter. He's such a sweet guy - of course he wants to help those adorable puppies! Then Brandon tells her that the shelter is in danger of closing, and Nikki knows she can't let that happen.
650 ## - SUBJECT ADDED ENTRY--TOPICAL TERM
Topical Term CHILDREN'S STORY BOOK
Geographic subdivision UNITED KINGDOM
942 ## - ADDED ENTRY ELEMENTS (KOHA)
Koha item type Books
Holdings
Withdrawn status Lost status Collection code Home library Current library Shelving location Date acquired Source of acquisition Cost, normal purchase price Full call number Accession Number Koha item type
    Fiction Main Library Main Library SHELF 15 H-HARRY POTTER(CHARACTERISATION),WIMPY KID,DORK DIARIES 12/11/2022 purchase 299.00 823 RUS/D 12731 Books